Online Catalogue and eLibrary

Sri Lankawe samaja prashna (Record no. 1337)

MARC details
000 -LEADER
fixed length control field 00408nam a2200157Ia 4500
005 - DATE AND TIME OF LATEST TRANSACTION
control field 20250529014830.0
008 - FIXED-LENGTH DATA ELEMENTS--GENERAL INFORMATION
fixed length control field 240331s9999 xx 000 0 und d
020 ## - INTERNATIONAL STANDARD BOOK NUMBER
ISBN 9555531889
082 ## - DDC Classification
Item Number - Author Mark AMA
Class No. 304
100 ## - MAIN ENTRY--PERSONAL NAME
Personal name Amarasekara, D
245 #0 - TITLE STATEMENT
Title Sri Lankawe samaja prashna
260 ## - PUBLICATION, DISTRIBUTION, ETC.
Place of publication, distribution, etc. Varakapola
Name of publisher, distributor, etc. Aryan Publishers
Date of publication, distribution, etc. 2001
300 ## - PHYSICAL DESCRIPTION
Extent (e.g. Volumes, Pages etc.) 133 p .,
500 ## - GENERAL NOTE
General note A book on Social issues in Sri Lanka
942 ## - Koha item type (Biblio)
Koha item type Books in Stacks (Lending)
Holdings
Lost status Damaged status Collection code Home library Current library Shelving location Date acquired Full call number Accession Number Item type
    Lending WERC Library WERC Library Social Science Cupboard 03/31/2024 304 AMA 4662 Books in Stacks (Lending)

© WERC Library